000 00795nam a2200181Ia 4500
008 151202s9999||||xx |||||||||||||| ||und||
082 _bPNVM-75190
100 _aकांबळे नागेश- संपादक.
245 _aसौंदर्याचे उपासक कुसुमाग्रज.
260 _b"परचुरे प्रकाशन मंदिर,मुंबई."
260 _c75190
300 _a258
600 _aकांबळे नागेश- संपादक.
630 _aसौंदर्याचे उपासक कुसुमाग्रज.
700 _aकांबळे नागेश- संपादक.
730 _aसौंदर्याचे उपासक कुसुमाग्रज.
942 _cBOOK
999 _c1341850
_d1341847